[Event "Rheinland Pfalz op 4th"]
[Site "Altenkirchen"]
[Date "2012.06.10"]
[Round "7"]
[White "Schirbel, Felix"]
[Black "Rohde, Alfred"]
[Result "1-0"]
[WhiteElo "836"]
[BlackElo "1373"]
[PlyCount "77"]
[EventDate "2012.06.07"]
[EventType "swiss"]
[EventRounds "7"]
[EventCountry "GER"]
[SourceTitle "CBM 148 Extra"]
[Source "ChessBase"]
[SourceDate "2012.06.22"]
[SourceVersion "1"]
[SourceVersionDate "2012.06.22"]
[SourceQuality "1"]

1. e4 e5 2. Nf3 Nc6 3. Bc4 Bc5 4. b4 Bxb4 5. c3 Be7 6. d4 d6 7. Qb3 h6 8. Bxf7+ Kf8 9. Bh5 d5 10. exd5 Na5 11. Qb5 b6 12. Nxe5 a6 13. Qa4 b5 14. Qxa5 Qxd5 15. f3 Bd6 16. Bf4 Bxe5 17. Bxe5 Ra7 18. 0-0 Ne7 19. Nd2 Kg8 20. f4 Bb7 21. Bf3 Qd7 22. Bxb7 Rxb7 23. Qxa6 Rb8 24. Qa7 Rc8 25. Qb7 Kh7 26. Qf3 Rhf8 27. Qg3 Nf5 28. Qd3 Kh8 29. Ne4 c5 30. Rad1 c4 31. Qf3 Nh4 32. Qf2 Ra8 33. Qxh4 Rxa2 34. Qxh6+ Kg8 35. Qg6 Qe7 36. f5 Qb7 37. Rf4 Ra6 38. Qg5 Qa7 39. Rg4 1-0

[Event "Rheinland Pfalz op 4th"]
[Site "Altenkirchen"]
[Date "2012.06.07"]
[Round "1"]
[White "Pappenheim, Rainer"]
[Black "Rohde, Alfred"]
[Result "1-0"]
[WhiteElo "2056"]
[BlackElo "1373"]
[PlyCount "83"]
[EventDate "2012.06.07"]
[EventType "swiss"]
[EventRounds "7"]
[EventCountry "GER"]
[SourceTitle "CBM 148 Extra"]
[Source "ChessBase"]
[SourceDate "2012.06.22"]
[SourceVersion "1"]
[SourceVersionDate "2012.06.22"]
[SourceQuality "1"]

1. e4 d6 2. d4 Nf6 3. Nc3 g6 4. f4 Bg7 5. Nf3 Bg4 6. Be3 0-0 7. h3 Bd7 8. Qd2 c6 9. 0-0-0 b5 10. Bd3 Qa5 11. Kb1 Na6 12. e5 Ne8 13. g4 Nec7 14. Ne4 Qxd2 15. Bxd2 d5 16. Ng3 c5 17. c3 c4 18. Bc2 Rab8 19. a3 f6 20. f5 g5 21. h4 h6 22. hxg5 fxg5 23. Rh3 Be8 24. Rdh1 Rb6 25. Nh5 Bh8 26. f6 exf6 27. Nxf6+ Bxf6 28. exf6 Rfxf6 29. Nxg5 Bg6 30. Nf3 Bxc2+ 31. Kxc2 Kg7 32. Ne5 Nb8 33. g5 hxg5 34. Rh7+ Kf8 35. Rxc7 Kg8 36. Bxg5 Rf2+ 37. Kb1 a5 38. Ng4 Rf7 39. Nh6+ Rxh6 40. Rc8+ Rf8 41. Rxf8+ Kxf8 42. Rxh6 1-0